| 000 | 00664nam a2200193Ia 4500 | ||
|---|---|---|---|
| 003 | 0 | ||
| 005 | 20250127105928.0 | ||
| 008 | 150126s9999 xx 000 0 und d | ||
| 050 |
_aPGS GV 1469.3 _b.R763 2014 |
||
| 100 | _aRomero, Junichi Paulo N. | ||
| 245 |
_aComputer gaming and test anxiety / _cJunichi Paulo N. Romero. |
||
| 260 |
_aLas PiƱas City, Philippines : _bSouthville International School and Colleges, _c2014. |
||
| 300 |
_a27 p. : _bill. ; _c28 cm. |
||
| 504 | _aIncludes bibliographical references. | ||
| 650 | _aTest anxiety. | ||
| 650 |
_aVideo games _v Psychological aspects. |
||
| 650 |
_aComputer games _vSocial aspects. |
||
| 942 |
_2lcc _cPASS |
||
| 999 |
_c278626 _d278626 |
||